[Event "Havana Gilberto Garcia Memorial-B"]
[Site "Havana"]
[Date "2024.02.25"]
[Round "4"]
[White "Ondar Hernandez, Wiber Dariel"]
[Black "Garcia Rodriguez, Maximo"]
[Result "1-0"]
[WhiteElo "1643"]
[BlackElo "1452"]
[PlyCount "61"]
[EventDate "2024.02.24"]
[EventType "tourn"]
[EventRounds "9"]
[EventCountry "CUB"]
[SourceTitle "CB13_2024"]
[SourceDate "2024.03.27"]
[SourceVersion "1"]
[SourceVersionDate "2024.03.27"]
[SourceQuality "1"]

1. d4 Nf6 2. Bf4 g6 3. Nc3 e6 4. e4 Bb4 5. Bd3 Bxc3+ 6. bxc3 d6 7. Nf3 Nbd7 8. 0-0 b6 9. Qd2 Bb7 10. Rfe1 0-0 11. Bg5 Qe8 12. Bh6 d5 13. exd5 Bxd5 14. Bxf8 Kxf8 15. Qh6+ Kg8 16. Ng5 Nf8 17. c4 Bb7 18. f3 Qd7 19. c3 Nh5 20. g4 Nf4 21. Be4 Bxe4 22. Nxe4 Qc6 23. Qxf4 Qxc4 24. Qh6 c5 25. g5 cxd4 26. Nf6+ Kh8 27. Re4 Qxc3 28. Rf1 d3 29. Rh4 d2 30. Qxf8+ Rxf8 31. Rxh7# 1-0